| 000 | 01100nac a22002777a 4500 | ||
|---|---|---|---|
| 001 | BR7806374 | ||
| 003 | BR-BrBNA | ||
| 005 | 20240105114324.0 | ||
| 008 | 230509b bl.|||m| |||| 00| 0 por d | ||
| 040 |
_aBR-BrBNA _bpor _cBiblioteca Nacional de Agricultura |
||
| 072 | _aQ20; Q10 | ||
| 090 | _a8140 BR7806374 | ||
| 100 | 1 | _aSantos, C.A.M. dos | |
| 100 | 1 | _aGarbutt, J. | |
| 110 | 1 | _aSecretaria Nacional de Defesa Agropecuaria, Brasilia, DF (Brasil). Div. de Informacao de Pescado e Derivados | |
| 245 | 1 | _aInvestigacoes preliminares sobre a microbiologia da piramutaba (Brachyplatistoma vaillanti Valenciennes, congelada [Brasil] | |
| 260 | 3 |
_aBrasilia, DF (Brasil): _c1978. |
|
| 300 | _a26 p. | ||
| 490 |
_aBoletim Informativo. Serie Pesquisa - Secretaria Nacional de Defesa Agropecuaria. Div. de Inspecao de Pescado e Derivados (Brazil) _vno. 3 _x |
||
| 500 | _aSummaries (En, Pt); Bibliography p. 17-26 (57 ref.) | ||
| 650 | _aPIRAMUTABA | ||
| 650 | _aANALISE BACTERIOLOGICA | ||
| 650 | _aCONGELAMENTO | ||
| 909 |
_a202312 _bLúcia Elande _c55 _dLúcia Elande |
||
| 942 |
_2AGRIS _n0 _cMS |
||
| 999 |
_c268672 _d268672 |
||